Questions-réponses sur Briançon - Statistiques

Statistiques générales
  • Ce quiz a été pris 23 fois
  • Le résultat moyen est 9 sur 18
Statistiques - réponses
Hint Réponse % Correct
Rivière longue de plus de 300 kilomètres qui constitue le principal cours d'eau passant par Briançon et qu'enjambe le remarquable "Pont d'Asfeld" à 60 mètres au-dessus d'elle. La Durance
90%
Massif montagneux au cœur duquel se niche Briançon. Les Alpes
90%
Pays dont la frontière est située à 15 kilomètres de Briançon. L'Italie
76%
Province historique de France dans laquelle se situe Briançon. Elle donne son nom à un quotidien ainsi qu'à une course cycliste nommée d'après le quotidien et dont Briançon est régulièrement une ville-étape. Le Dauphiné
71%
Marquis et architecte militaire qui fortifia la ville sous Louis XIV. Sébastien Le Prestre de Vauban
71%
Briançon est considérée comme la plus ____ ville de France. Haute
67%
Col culminant à 2 362 mètres d'altitude au sud de Briançon. Son ascension fait au bas mot 20 kilomètres depuis Briançon. Le Col d'Izoard
62%
Col culminant à 2 642 mètres d'altitude au nord-ouest de Briançon. Son ascension fait plus ou moins 36 kilomètres depuis Briançon en passant par le col du Lautaret. Le Col du Galibier
62%
Sorte de beignet, souvent farci de pommes de terre, de fromage, ou encore de viande. Il constitue l'une des principales spécialités culinaires de Briançon. Le tourton
52%
Vallée qui est également un parc naturel régional. Le col précédent relie le Briançonnais à cette vallée. Le Queyras
48%
Skieur alpin français, ancien vainqueur du classement général de la Coupe du monde, et reconverti dans le sport automobile. Il est né à Briançon mais à grandi dans le village voisin de Saint-Chaffrey. Luc Alphand
48%
Duché qui a souvent menacé la ville d'invasions d'où le complexe militaire bâti à Briançon par le royaume de France. La Savoie
43%
Ville actuellement située dans le pays précédent où furent incarcérés notamment Nicolas Fouquet et l'Homme au Masque de Fer. Elle est située à plus de 80 bornes de Briançon mais la porte qui ferme le haut de la ville porte son nom (en français) : "La Porte de ______". Les noms français et local de cette ville sont acceptés. Pignerol / Pinerolo
38%
Pape qui à l'âge canonique de 81 ans fut retenu captif à Briançon pendant deux mois par les révolutionnaires français du Directoire malgré un état de santé fragile. Il y resta deux mois, entre avril et juin 1799, avant d'être conduit à Valence où il décéda au mois d'août de la même année. Pie VI
19%
Film de Jean-Paul Rappeneau sorti en 1995 et inspiré d'un célèbre roman de Jean Giono. Quelques scènes de ce film ont été tournées au Fort des Têtes à Briançon. Le Hussard sur le toit
14%
Champion cycliste breton, adversaire du précédent et toujours porteur du maillot jaune à Briançon lors de ce Tour de France de 1948. En 1953, c'est lui qui jeta les base de sa victoire finale dans le Tour de France lors de la 18e étape arrivée à Briançon après un exploit dans le même col. Louison Bobet
14%
Champion cycliste italien surnommé "Le Pieux" pour sa foi profonde. Il remporta en 1948, la 13e étape du Tour de France avant de remporter le classement général final et ce après un exploit dans le col cité en réponse #4. Gino Bartali
10%
Guerre de Louis XIV (1688-1697) qui détruisit l'ancienne église de Briançon d'où la construction par le précédent de l'actuelle imposante collégiale Notre-Dame-et-Saint-Nicolas en 1705. La Guerre de la Ligue d'Augsbourg
10%
Aucun quiz correspondant
Distribution des résultats
% des personnes avec chaque résultat
Percentile par nombre de réponses
Votre historique - résultats
Vous n’avez pas pris ce quiz